Ensamblando culturas : (Record no. 352)

MARC details
000 -LEADER
campo de control de longitud fija 01346cam a2200349Ia 4500
001 - NÚMERO DE CONTROL
campo de control 4091122
005 - FECHA Y HORA DE LA ÚLTIMA TRANSACCIÓN
campo de control 20220326193305.0
008 - DATOS DE LONGITUD FIJA--INFORMACIÓN GENERAL
campo de control de longitud fija 021216s2002 sp a b 000 0 spa d
020 ## - NÚMERO INTERNACIONAL ESTÁNDAR DEL LIBRO
Número Internacional Estándar del Libro 8474329094
035 ## - NÚMERO DE CONTROL DEL SISTEMA
Número de control de sistema (OCoLC)56532568
035 ## - NÚMERO DE CONTROL DEL SISTEMA
Número de control de sistema (OCoLC)ocm56532568
035 ## - NÚMERO DE CONTROL DEL SISTEMA
Número de control de sistema (NNC)4091122
040 ## - FUENTE DE CATALOGACIÓN
Centro catalogador/agencia de origen I5B
Centro/agencia transcriptor I5B
Centro/agencia modificador U@S
-- EL$
-- NNC
043 ## - CÓDIGO DE ÁREA GEOGRÁFICA
Código de área geográfica n-mx---
-- ncgt---
082 ## - NÚMERO DE LA CLASIFICACIÓN DECIMAL DEWEY
Número de clasificación 338.887.2
Número de ítem R457e
090 ## - LOCALMENTE ASIGNADO TIPO-LC NÚMERO DE CLASIFICACIÓN (OCLC); NÚMERO DE CLASIFICACIÓN LOCAL (RLIN)
Número de clasificación (OCLC) (R) ; Numero de clasificación, CALL (RLIN) (NR) HD9734.M6
Número cutter local (OCLC) ; Número de libro/Signatura topográfica íntegra, CALL (RLIN) R49 2002
100 1# - ENTRADA PRINCIPAL--NOMBRE DE PERSONA
Nombre de persona Reygadas, Luis.
9 (RLIN) 1674
245 10 - MENCIÓN DEL TÍTULO
Título Ensamblando culturas :
Resto del título diversidad y conflicto en la globalización de la industria /
Mención de responsabilidad, etc. Luis Reygadas.
250 ## - MENCION DE EDICION
Mención de edición 1. ed.
260 ## - PUBLICACIÓN, DISTRIBUCIÓN, ETC.
Lugar de publicación, distribución, etc. Barcelona :
Nombre del editor, distribuidor, etc. Gedisa,
Fecha de publicación, distribución, etc. 2002.
300 ## - DESCRIPCIÓN FÍSICA
Extensión 318 p. :
Otras características físicas il. ;
Dimensiones 23 cm.
490 1# - MENCIÓN DE SERIE
Mención de serie Serie Culturas
504 ## - NOTA DE BIBLIOGRAFÍA, ETC.
Nota de bibliografía, etc. Incluye referencias bibliográficas (p. [307]-318).
505 0# - NOTA DE CONTENIDO CON FORMATO
Nota de contenido con formato Cadenas productivas globales y diversidad del trabajo maquilador -- Culturas nacionales entrecruzadas : la globalización vivida por los trabajadores de Maquila -- Mercado y sociedad civil en las nuevas culturas del trabajo.
650 #0 - PUNTO DE ACCESO ADICIONAL DE MATERIA--TÉRMINO DE MATERIA
Término de materia o nombre geográfico como elemento de entrada Offshore assembly industry
Subdivisión geográfica Mexico.
9 (RLIN) 1675
650 #0 - PUNTO DE ACCESO ADICIONAL DE MATERIA--TÉRMINO DE MATERIA
Término de materia o nombre geográfico como elemento de entrada Offshore assembly industry
Subdivisión geográfica Guatemala.
9 (RLIN) 1676
650 #0 - PUNTO DE ACCESO ADICIONAL DE MATERIA--TÉRMINO DE MATERIA
Término de materia o nombre geográfico como elemento de entrada Industrial sociology
Subdivisión general Effect of globalization on.
9 (RLIN) 1677
650 #0 - PUNTO DE ACCESO ADICIONAL DE MATERIA--TÉRMINO DE MATERIA
Término de materia o nombre geográfico como elemento de entrada Globalization.
9 (RLIN) 1678
700 ## - ENTRADA AGREGADA--NOMBRE PERSONAL
Nombre de persona Reygadas, Luis.
9 (RLIN) 1679
830 #0 - PUNTO DE ACCESO ADICIONAL DE SERIE-TÍTULO UNIFORME
Título uniforme Serie Culturas.
9 (RLIN) 1680
Holdings
Estatus retirado Estado de pérdida Fuente del sistema de clasificación o colocación Estado de daño No para préstamo Biblioteca de origen Biblioteca actual Ubicación en estantería Fecha de adquisición Total de préstamos Signatura topográfica completa Código de barras Visto por última vez Precio de reemplazo Tipo de ítem Koha
    Clasificación Decimal Dewey     Biblioteca LadoV Biblioteca LadoV   20/11/2014   338.887.2 R457e 000443 20/11/2014 20/11/2014 Material 01